000 04033nab a2200325 i 4500
003 BR-BrBNA
005 20250825141734.0
008 250825b2021 bl.ar|pooa||| 00| 0 eng |
040 _aBR-BrBNA
_beng
072 _aF30
072 _aF70
100 _aDardengo, Juliana de Freitas Encinas
100 _aRossi, Ana Aparecida Bandini
100 _aOliveira, Luiz Orlando de
100 _aPena, Guilherme Ferreira
100 _aRivas, Luiz Henrique
100 _aSilva, Carolina Joana da
100 _aRufatto, Fernanda Pavese
245 _aStructure and genetic diversity of Theobroma speciosum (Malvaceae) and implications for Brazilian Amazon conservation
500 _aPublicação on-line; 42 ref.; 4 tables; 4 illus.; Summaries (En, Pt)
520 _a Abstract The genetic diversity of Theobroma speciosum is important because its use in breeding programs, once the species is closely related to species of great economic value such as Theobroma cacao (cocoa) and Theobroma grandiflorum (cupuaçu). Thus, the objective of this work is to characterize the intra and interpopulational genetic diversity of Theobroma speciosum in natural populations in the Brazilian Amazon. Ninety individuals of T. speciosum from four populations localized in different states of legal Amazon were selected and genotyped. The data were obtained by fluorescence microsatellite analysis and the number of alleles, number of private alleles, fixation index, observed and expected heterozygosity were analyzed. Bayesian analysis, AMOVA and PCOa were used to reveal the molecular genetic structure of the populations, using the programs Structure and GenAIEx 6.5, respectively. All populations studied present great levels of gene diversity, although, there was a greater similarity among the AUR, API and MAC populations, while RBC population presented higher heterozygosity and less inbreeding than the others, becoming a possible refuge area in the Amazon, and the most important population for T. speciosum conservation. Key words: Amazon, cacauhy, genetic variability. Resumo O estudo da diversidade genética de Theobroma speciosum é importante, pois pode ser utilizado em programas de melhoramento, uma vez que a espécie está intimamente relacionada a espécies de grande valor econômico, como Theobroma cacao (cacau) e Theobroma grandiflorum (cupuaçu). Assim, o objetivo deste trabalho é caracterizar a diversidade genética intra e interpopulacional de Theobroma speciosum em populações naturais na Amazônia brasileira. Foram selecionados e genotipados 90 indivíduos de T. speciosum provenientes de quatro populações situadas em diferentes estados da Amazônia Legal. Os dados foram obtidos por meio da análise de microssatélite e a diversidade genética foi caracterizada através do número de alelos, número de alelos privados, índice de fixação e heterozigosidade observada e esperada. A análise bayesiana, a AMOVA e PCOa foram utilizadas para revelar a estrutura genética molecular das populações, através dos programas Structure e GenAIEx 6.5, respectivamente. Todas as populações estudadas apresentaram níveis de diversidade gênica, contudo, as populações AUR, API e MAC apresentaram grande similaridade, enquanto a população de Rio Branco apresentou maior heterozigosidade e menor endogamia do que as outras, se tornando um ponto de refúgio na Amazônia, e a mais importante população para a conservação de T. speciosum. Palavras-chave: Amazônia, cacauí, variabilidade genética.
650 _aAMAZÔNIA
650 _aCACAUICULTURA
650 _aVARIAÇÃO GENÉTICA
650 _aMALVACEAE
773 0 _0709
_9357347
_dRio de Janeiro-RJ Jardim Botanico do Rio de Janeiro 1935
_o2025-5311
_tRodriguésia (Brazil)
_x0370-6583; 2175-7860 on-line
_gv. 72 p. 1-11; (2021)
_wBR2025001775
856 _uhttps://www.scielo.br/j/rod/a/pc5b43ZpnYgdcFtDhfSX5BQ/?format=pdf&lang=en
942 _cANA
999 _c337788
_d337788